000 00702nam a2200181Ia 4500
008 100921s9999 xx 000 0 und d
082 _b24253
_a891.463 थ 92
100 _aरांगणेकर कुमुदिनी.
245 _aसारच अनपेक्षति.
260 _bराजेंद्र प्रकाशन, पुणे.
_c1992
300 _a191
_bमॅजेस्टीक प्रकाशन,पुणे.
365 _b72
520 _aललित-कादंबरी.
630 _aसारच अनपेक्षति.
650 _aललित-कादंबरी.
730 _aसारच अनपेक्षति.
942 _cBOOK
999 _c773366
_d773363